The earl. #2 / Katharine Ashe.
Available copies
- 1 of 1 copy available at LARL/NWRL Consortium.
- 1 of 1 copy available at Lake Agassiz Regional Library. (Show)
Current holds
0 current holds with 1 total copy.
Show Only Available Copies
| Location | Call Number / Copy Notes | Barcode | Shelving Location | Status | Due Date |
|---|---|---|---|---|---|
| Moorhead Public Library | ASH (Text) | 33500012318937 | Main | Available | - |
Record details
- ISBN: 0062412752
- ISBN: 9780062412751
- Physical Description: 347 pages ; 17 cm.
- Publisher: New York, NY : Avon Books, [2016]
- Copyright: ©2016
Content descriptions
| Summary, etc.: | How does a bookish lady bring an arrogant lord to ... Read More |
Search for related items by subject
| Subject: | Nobility > Scotland > Fiction. |
| Genre: | Romance fiction. Historical fiction. |
Search for related items by series
| LDR | 01808cam a2200385Ii 4500 | ||
|---|---|---|---|
| 001 | 219875 | ||
| 003 | LARL_NWRL_CONSORTIUM | ||
| 005 | 20180629184727.0 | ||
| 008 | 160204s2016 nyu 000 1 eng d | ||
| 020 | . | ‡a0062412752 | |
| 020 | . | ‡a9780062412751 | |
| 035 | . | ‡a(OCoLC)936619605 | |
| 043 | . | ‡ae-uk-st | |
| 082 | 0 | 4. | ‡a813/.6 ‡223 |
| 100 | 1 | . | ‡aAshe, Katharine. ‡0(LARL_NWRL_CONSORTIUM)221065 |
| 245 | 1 | 4. | ‡aThe earl. ‡n#2 / ‡cKatharine Ashe. |
| 264 | 1. | ‡aNew York, NY : ‡bAvon Books, ‡c[2016] | |
| 264 | 4. | ‡c©2016 | |
| 300 | . | ‡a347 pages ; ‡c17 cm. | |
| 336 | . | ‡atext ‡btxt ‡2rdacontent | |
| 337 | . | ‡aunmediated ‡bn ‡2rdamedia | |
| 338 | . | ‡avolume ‡bnc ‡2rdacarrier | |
| 490 | 0 | . | ‡aDevil's Duke ; ‡v2 |
| 520 | . | ‡aHow does a bookish lady bring an arrogant lord to his knees? Entice him to Scotland, strip him of titles and riches, and make him prove what sort of man he truly is. Opposites ... Handsome, wealthy, and sublimely confident, Colin Gray, the new Earl of Egremoor, has vowed to unmask the rabble-rousing pamphleteer, Lady Justice, the thorn in England's paw. And he'll stop at nothing. Attract. Smart, big-hearted, and passionately dedicated to her work, Lady Justice longs to teach her nemesis a lesson in humility. But her sister is missing, and a perilous journey with her archrival into unknown territory just might turn fierce enemies into lovers. | |
| 650 | 0. | ‡aNobility ‡zScotland ‡vFiction. | |
| 655 | 7. | ‡aRomance fiction. ‡2lcgft | |
| 655 | 7. | ‡aHistorical fiction. ‡2lcgft | |
| 905 | . | ‡uvanderl | |
| 901 | . | ‡a219875 ‡b ‡c219875 ‡tbiblio ‡soclc | |

Add to basket
Permalink
Disable Highlighting